000 00838nam a2200253Ia 4500
003 OSt
005 20220930082116.0
006 a|||||r|||| 00| 0
007 ta
008 220926b |||||||| |||| 00| 0 eng d
024 _a118066
037 _cTheses
040 _aCRL
_cCRL
_beng
041 _2eng
_aeng
100 _aArora Charu
_9542871
110 _aUniversity of Delhi. Faculty of Commerce & Business Studies. Department of Financial Studies
_9542872
245 0 _aMergers and takeovers
_b Analysis of Indian mutual fund industry
260 _c2010
650 _aFINANCE
700 _a Dr. Amitabh Gupta Gu.
_9542873
700 _aUniversity of Delhi. Faculty of Commerce & Business Studies. Department of Financial Studies
_9542874
942 _cDIS
_2CC
999 _c872515
_d872515